NFL Offensive Starters 2021 - Statistics

General Stats
  • This quiz has been taken 174 times
    156 since last reset
  • The average score is 123 of 192
Answer Stats
Hint Answer % Correct
QB Josh Allen
100%
WR Keenan Allen
100%
WR Stefon Diggs
98%
RB Aaron Jones
95%
QB Daniel Jones
95%
QB Mac Jones
95%
WR Marvin Jones Jr.
95%
WR Donovan Peoples-Jones
94%
TE Ricky Seals-Jones
94%
WR Zay Jones
94%
QB Dak Prescott
93%
QB Matt Ryan
93%
QB Tua Tagovailoa
93%
RB Dalvin Cook
90%
WR DeVonta Smith
90%
QB Russell Wilson
90%
QB Zach Wilson
90%
WR Albert Wilson
89%
WR Amari Cooper
89%
RB Ezekiel Elliott
89%
TE Hunter Henry
89%
TE Jared Cook
89%
RB Jonathan Taylor
89%
WR Marquise Brown
89%
WR Tre'Quan Smith
89%
QB Tyrod Taylor
89%
QB Lamar Jackson
88%
TE Pharaoh Brown
88%
QB Taysom Hill
88%
WR Tyreek Hill
88%
QB Joe Burrow
87%
QB Ryan Tannehill
87%
QB Tom Brady
86%
QB Carson Wentz
85%
RB Devin Singletary
85%
RB Saquon Barkley
85%
QB Trevor Lawrence
85%
RB Damien Harris
84%
TE Dawson Knox
84%
WR Deonte Harris
84%
QB Jalen Hurts
84%
WR Ja'Marr Chase
84%
RB Joe Mixon
84%
QB Kirk Cousins
84%
QB Kyler Murray
84%
RB Najee Harris
84%
QB Patrick Mahomes
84%
QB Aaron Rodgers
83%
WR CeeDee Lamb
83%
WR Curtis Samuel
83%
WR Deebo Samuel
83%
QB Jared Goff
83%
WR Jaylen Waddle
83%
QB Justin Herbert
83%
WR Mike Evans
83%
WR Amon-Ra St. Brown
82%
WR Corey Davis
82%
RB David Johnson
82%
WR Diontae Johnson
82%
WR DJ Moore
82%
WR Elijah Moore
82%
WR Emmanuel Sanders
82%
WR Justin Jefferson
82%
QB Matthew Stafford
82%
RB Miles Sanders
82%
WR Tyler Johnson
82%
WR Van Jefferson
82%
QB Baker Mayfield
81%
WR Davante Adams
81%
QB Derek Carr
81%
WR Allen Robinson II
80%
RB Alvin Kamara
80%
RB Christian McCaffrey
80%
WR Cooper Kupp
80%
TE Dalton Schultz
80%
WR DK Metcalf
80%
RB James Robinson
80%
QB Jimmy Garoppolo
80%
TE Mark Andrews
80%
WR Tee Higgins
80%
TE Travis Kelce
80%
QB Ben Roethlisberger
79%
WR Mike Williams
79%
TE George Kittle
78%
RB Josh Jacobs
78%
WR Adam Thielen
77%
QB Cam Newton
77%
RB Leonard Fournette
77%
TE Rob Gronkowski
77%
RB Austin Ekeler
76%
WR Chris Godwin
76%
WR DeAndre Hopkins
76%
WR Michael Pittman Jr.
76%
RB Nick Chubb
76%
TE Kyle Pitts
75%
WR Tyler Lockett
75%
WR Jerry Jeudy
74%
WR Terry McLaurin
74%
WR Brandin Cooks
73%
TE Darren Waller
72%
WR Odell Beckham Jr.
71%
WR Courtland Sutton
70%
TE Ian Thomas
70%
RB James Conner
70%
QB Teddy Bridgewater
70%
WR Tyler Boyd
70%
WR Cole Beasley
69%
RB David Montgomery
69%
TE Zach Ertz
69%
QB Andy Dalton
68%
TE TJ Hockenson
68%
TE Mike Gesicki
67%
WR Brandon Aiyuk
66%
WR Jarvis Landry
66%
RB Clyde Edwards-Helaire
65%
RB Cordarrelle Patterson
64%
TE Noah Fant
64%
RB Antonio Gibson
63%
WR Michael Gallup
63%
RB D'Andre Swift
62%
WR Darnell Mooney
62%
TE Evan Engram
62%
RB Melvin Gordon III
62%
QB Taylor Heinicke
62%
WR Mecole Hardman
61%
TE Tyler Higbee
61%
TE Cole Kmet
59%
TE Dallas Goedert
59%
WR Robby Anderson
59%
WR TY Hilton
59%
WR Christian Kirk
57%
WR Bryan Edwards
56%
WR Kenny Golladay
56%
WR Hunter Renfrow
55%
WR Allen Lazard
54%
TE CJ Uzomah
54%
WR Chase Claypool
53%
RB Elijah Mitchell
53%
WR Marquez Valdes-Scantling
52%
WR Sterling Shepard
51%
WR Jakobi Meyers
47%
WR Rashod Bateman
47%
WR AJ Green
46%
TE Austin Hooper
45%
WR Kendrick Bourne
45%
RB Myles Gaskin
45%
RB Darrell Henderson Jr.
44%
WR Kadarius Toney
44%
TE Pat Freiermuth
44%
WR Quez Watkins
44%
WR Sammy Watkins
43%
WR Nelson Agholor
40%
TE Tyler Conklin
39%
WR KJ Osborn
38%
WR Nico Collins
38%
RB Devonta Freeman
37%
WR Russell Gage
37%
TE Gerald Everett
36%
WR Jalen Reagor
36%
TE Jack Doyle
33%
WR Josh Reynolds
33%
WR Jauan Jennings
32%
WR Tim Patrick
32%
WR Jamison Crowder
30%
WR Byron Pringle
28%
WR Olamide Zaccheaus
28%
WR Dez Fitzpatrick
27%
WR James Washington
26%
WR Laviska Shenault Jr.
25%
WR Marquez Callaway
24%
RB D'Onta Foreman
22%
WR Jalen Guyton
21%
WR Kalif Raymond
21%
RB Adrian Peterson
19%
TE Dan Arnold
19%
WR Zach Pascal
19%
RB Tevin Coleman
18%
WR Marquise Goodwin
17%
WR Mack Hollins
14%
WR Chris Conley
12%
WR Freddie Swain
10%
TE Ryan Griffin
10%
WR Adam Humphries
9%
WR Anthony Schwartz
8%
TE Geoff Swaim
7%
WR Nick Westbrook-Ikhine
7%
WR Chester Rogers
6%
TE Josiah Deguara
6%
WR Tajae Sharpe
6%
TE Nick Vannett
4%
WR Laquon Treadwell
2%
WR Brandon Zylstra
1%
No matching quizzes found
Score Distribution
Percent of People with Each Score
Percentile by Number Answered
Your Score History
You have not taken this quiz since the last reset